Questions ouvertes ou fermées (click quiz) - Statistiques

Statistiques générales
  • Ce quiz a été pris 74 fois
  • Le résultat moyen est 17 sur 20
Statistiques - réponses
Hint Réponse % Correct
T’as craqué ou quoi ? F
91%
Tu veux bien me passer le sel ? F
90%
Mais ou et donc or ni car ? O
90%
Que penses-tu de ma passion pour le tuning ? O
86%
Quoi de neuf docteur ? O
86%
As-tu pécho ta voisine ? F
84%
As-tu baissé la lunette des wc ? F
84%
Y a-t-il un pilote dans l’avion ? F
84%
Quand te reverrai-je pays merveilleux ? O
84%
Comment on fait pour sauter dans son slip sans se faire mal ? O
84%
Quelle est la différence entre un idiot et un idiot ? O
83%
Est-ce que tu viens pour les vacances ? F
81%
Faut-il passer par Paris quand on va en train à Lyon depuis Marseille ? F
81%
Je peux avoir du feu ? F
81%
C’est toi qui fais ce quiz ? F
81%
Qui a volé l’orange du marchand ? O
81%
Pourquoi tu ne veux pas vivre en trouple ? O
78%
C’est quoi ton 06 ? O
78%
Es-tu pour la polygamie ? F
76%
Quelle heure est-il ? O
71%
Aucun quiz correspondant
Distribution des résultats
% des personnes avec chaque résultat
Percentile par nombre de réponses
Votre historique - résultats
Vous n’avez pas pris ce quiz